000
00286nam a22001217a 4500
008
170606b xxu||||| |||| 00| 0 eng d
041
_a
eng
080
_a
94(6)
100
_a
18
101
_a
SHH
245
_a
THE DEVELOPMENT OF ISLAM IN WEST AFRICA
_c
HISKETT.V
942
_2
udc
_c
BK
999
_c
16090
_d
16090